000
00318nam a22001337a 4500
003
SGT
082
_a
610
_b
D10L
100
_a
LAVEKAR,G.S,ED.
245
_a
DESCRIPTIVE CATALOGUE OF MEDICAL MANUSCRIPTS
260
_a
DELHI
_b
MINISTRY OF HEALTH & FAMILY WELFARE
300
_a
500
650
_a
AYURVEDA
942
_2
ddc
_c
BK
999
_c
8661
_d
8661